UBT Library

MEDICAL LAW AND ETHICS (Record no. 4351)

000 -LEADER
fixed length control field 00290nam a22001337a 4500
008 - FIXED-LENGTH DATA ELEMENTS--GENERAL INFORMATION
fixed length control field 170202b xxu||||| |||| 00| 0 eng d
020 ## - INTERNATIONAL STANDARD BOOK NUMBER
International Standard Book Number 9780135129043
041 ## - LANGUAGE CODE
Language code of text/sound track or separate title eng
080 ## - UNIVERSAL DECIMAL CLASSIFICATION NUMBER
Universal Decimal Classification number 61
100 ## - Rafti
Rafti 3
101 ## - Shkurtesa
Shkurtesa SHM
245 ## - TITLE STATEMENT
Title MEDICAL LAW AND ETHICS
Statement of responsibility, etc FREMGAN, B.F
942 ## - ADDED ENTRY ELEMENTS (KOHA)
Source of classification or shelving scheme
Item type Books
Holdings
Withdrawn status Lost status Source of classification or shelving scheme Damaged status Not for loan Collection code Permanent location Current location Shelving location Date acquired Total Checkouts Full call number Barcode Date last seen Price effective from Koha item type
          Koleksioni i përgjithshem UBT - Lipjan UBT - Lipjan Koleksioni i përgjithshem 02/02/2017   61 FRE 002-031200 02/02/2017 02/02/2017 Books
          Koleksioni i përgjithshem UBT - Lipjan UBT - Lipjan Koleksioni i përgjithshem 02/02/2017   61 LIP 002-031197 02/02/2017 02/02/2017 Books
UBT Library © 2015-2024. All rights reserved University Education for Business and Technology